OPD chemical buyers directory

Guardat en:
Dades bibliogràfiques
Autor corporatiu: Chemical Marketing Reporter (Autor)
Format: Llibre
Idioma:anglès
Publicat: Nueva York Schnell 1986
Edició:73a. ed
Matèries:
Etiquetes: Afegir etiqueta
Sense etiquetes, Sigues el primer a etiquetar aquest registre!

MARC

LEADER 00000nam a2200000 a 4500
001 UCU7302
003 CL-VaPUC
008 960628e19860000US |||||||||||||||||eng|d
082 0 4 |a 664  |b CHE  |2 21 
110 2 |a Chemical Marketing Reporter  |e author  |9 366062 
245 1 0 |a OPD chemical buyers directory 
250 |a 73a. ed 
300 |a 804 p 
942 |c BK 
945 |d 19960628 00:00:00  |a paguirre 
260 |a Nueva York  |b Schnell  |c 1986 
650 0 |a Tecnología química   |9 263002 
650 0 |a Productos químicos  |9 326289 
650 0 |a Catálogos  |9 256258 
650 7 |a DIRECTORIOS  |2 CL-VaPUC  |9 257460 
650 0 |a Química  |9 259896 
583 |a last modification  |c 19960628 00:00:00  |k Rodrigo Vera 
999 |c 249969  |d 249967